| 000 | 00951cam a2200169ua 4500 | ||
|---|---|---|---|
| 020 | _c0.65 | ||
| 041 |
_aeng _h |
||
| 082 |
_a628.1 _bMIN/IN |
||
| 110 | 1 |
_aMinistry of transport and communications . _b _c(Government of India ) |
|
| 245 |
_aInland water transport / _cMinistry of transport and communications. _hTextual Documents |
||
| 260 |
_aIndia : _bPublication Division, Govt. of India , _c1963. |
||
| 300 | _a20 ; . | ||
| 365 | _a0.65 | ||
| 504 | _a | ||
| 942 | _cBK | ||
| 999 |
_c4787 _d4787 |
||